[Event "SVK-ch U14 Girls"]
[Site "Dudince"]
[Date "2023.04.19"]
[Round "5"]
[White "Sosovickova, Martina"]
[Black "Galdunova, Zuzana"]
[Result "1-0"]
[WhiteElo "1759"]
[BlackElo "1273"]
[PlyCount "53"]
[EventDate "2023.04.16"]
[EventType "swiss"]
[EventRounds "9"]
[EventCountry "SVK"]
[SourceTitle "CBM 213 Extra"]
[Source "ChessBase"]
[SourceDate "2023.05.31"]
[SourceVersion "1"]
[SourceVersionDate "2023.05.31"]
[SourceQuality "1"]

1. e4 e5 2. Nf3 Nc6 3. Bc4 Nf6 4. d3 Be7 5. 0-0 0-0 6. c3 d6 7. h3 Bd7 8. Nbd2 h6 9. Re1 Re8 10. a4 a6 11. Nf1 Be6 12. Bxe6 fxe6 13. Ng3 Bf8 14. Bd2 d5 15. exd5 exd5 16. Nh4 e4 17. dxe4 Nxe4 18. Nhf5 g6 19. Nxh6+ Bxh6 20. Bxh6 Nxg3 21. fxg3 Rxe1+ 22. Qxe1 Qe8 23. Qd2 Rd8 24. Re1 Qf7 25. Rf1 Qd7 26. Qg5 Ne7 27. Qf6 1-0

[Event "SVK-ch U14 Girls"]
[Site "Stara Lubovna"]
[Date "2022.05.28"]
[Round "9"]
[White "Rachelova, Nikola"]
[Black "Galdunova, Zuzana"]
[Result "1-0"]
[WhiteElo "1020"]
[BlackElo "1000"]
[PlyCount "79"]
[EventDate "2022.05.21"]
[EventType "swiss"]
[EventRounds "9"]
[EventCountry "SVK"]
[SourceTitle "CBM 208 Extra"]
[Source "ChessBase"]
[SourceDate "2022.07.31"]
[SourceVersion "1"]
[SourceVersionDate "2022.07.31"]
[SourceQuality "1"]

1. d4 Nf6 2. c4 g6 3. Nf3 d6 4. Bg5 Bg7 5. e3 Bg4 6. Be2 0-0 7. 0-0 Nbd7 8. Nc3 Re8 9. b3 Bxf3 10. Bxf3 e5 11. dxe5 dxe5 12. Bxb7 Rb8 13. Bc6 Rb6 14. Bxf6 Bxf6 15. Bxd7 Re7 16. Bg4 Rb8 17. Qxd8+ Rxd8 18. Rfd1 Ree8 19. h3 e4 20. Rac1 Rxd1+ 21. Bxd1 Bxc3 22. Rxc3 Rd8 23. Bg4 f5 24. Be2 Rd2 25. Bf1 Rxa2 26. b4 Rb2 27. b5 g5 28. c5 h6 29. Bc4+ Kg7 30. Bf1 h5 31. Ra3 Rc2 32. c6 Rc5 33. Rxa7 Rxb5 34. Bxb5 f4 35. exf4 gxf4 36. Rxc7+ Kf8 37. Rd7 e3 38. fxe3 fxe3 39. Kf1 h4 40. c7 1-0

[Event "SVK-ch U14 Girls"]
[Site "Stara Lubovna"]
[Date "2022.05.27"]
[Round "8"]
[White "Vojtekova, Tereza"]
[Black "Galdunova, Zuzana"]
[Result "1-0"]
[WhiteElo "1006"]
[BlackElo "1000"]
[PlyCount "77"]
[EventDate "2022.05.21"]
[EventType "swiss"]
[EventRounds "9"]
[EventCountry "SVK"]
[SourceTitle "CBM 208 Extra"]
[Source "ChessBase"]
[SourceDate "2022.07.31"]
[SourceVersion "1"]
[SourceVersionDate "2022.07.31"]
[SourceQuality "1"]

1. d4 d5 2. c4 c6 3. Nf3 Nf6 4. Bg5 Bg4 5. Bxf6 exf6 6. e3 Nd7 7. Be2 Bb4+ 8. Nc3 0-0 9. 0-0 Re8 10. cxd5 Bxc3 11. bxc3 cxd5 12. h3 Bh5 13. Rb1 Nb6 14. Bb5 Re7 15. Re1 a6 16. Bd3 Qd7 17. Rxb6 Bxf3 18. Qxf3 h6 19. Qg3 Qc7 20. Qxc7 Rxc7 21. Rc1 a5 22. e4 Rac8 23. Rb3 a4 24. Ra3 Ra8 25. exd5 Rcc8 26. Rb1 Rcb8 27. d6 b5 28. Bxb5 Ra5 29. Bd3 Rxb1+ 30. Bxb1 Ra8 31. d7 g6 32. Bc2 h5 33. Rxa4 Rb8 34. c4 g5 35. g3 Rd8 36. Bf5 Rb8 37. c5 h4 38. gxh4 gxh4 39. c6 1-0